Les sports les plus regardés en France - Statistiques

Statistiques générales
  • Ce quiz a été pris 242 fois
  • Le résultat moyen est 13 sur 20
Statistiques - réponses
Rang Sport % Correct
1 Football
100%
2 Rugby
92%
6 Basketball
90%
5 Handball
89%
3 Tennis
89%
01 Natation
80%
7 Athlétisme
77%
16 Volleyball
76%
4 Cyclisme
67%
17 Judo
65%
18 Equitation
56%
8 Sports mécaniques
56%
12 Tennis de table
55%
13 Golf
48%
19 Gymnastique
47%
9 Biathlon
46%
15 MMA
44%
20 Badminton
42%
11 Ski alpin
30%
14 Voile
21%
Aucun quiz correspondant
Distribution des résultats
% des personnes avec chaque résultat
Percentile par nombre de réponses
Votre historique - résultats
Vous n’avez pas pris ce quiz